00455nam a2200169Ia 4500008004100000020001400041040001900055041001200074082002300086245003400109260003100143300003100174440002500205504001900230650002000249850001600269131103s9999 xx 000 0 und d a705409724 aLoreto College aEnglish aREF/PbLCBED/12828 2aA soaring spiritb 600-400BC  aAmsterdambTime-lifec1996 a176p.b ill., pic.c 25cm. aHistory of the world aIncludes index aHistory - World aLCBED/REF/P